• 首页
  • 本馆介绍
  • 公告通知
  • 最新文献
  • 馆藏检索
  • 电子资源
  • 读者导购
  • 参考咨询
  • 我的图书馆
  • 登录
  • 详细信息显示
  • 放入我的书架
  • 预约/预借图书
  • 作者相关作品
  • 分类相关作品
  • 丛书相关作品
  • 出版社相关作品

书目信息

  • 表格格式
  • 工作单格式
  • 卡片格式
题名:
家庭饲养手册
    
 
作者: ;河南科学技术出版社 编
分册:  
出版信息: 郑州   河南科学技术出版社  1981
页数: 514页
开本: 19cm
丛书名:
单 册:
中图分类: S815-62 , S82
科图分类:
主题词: 饲养--手册 , 家畜
电子资源:
ISBN:
000 00647nam0 2200241 450
001 1571114732
005 20150129194556.25
010    @dCNY1.20
091    @a16245.9
100    @a19950511d1981 em y0chiy0110 ea
101 0  @achi
102    @aCN@b410000
105    @ay z 000yy
200 1  @a家庭饲养手册@9jia ting si yang shou ce@f河南科学技术出版社编
210    @a郑州@c河南科学技术出版社@d1981
215    @a514页@d19cm
606 0  @a饲养@x手册
606 0  @a家畜
690    @aS815-62@v5
690    @aS82@v4
711 02 @a河南科学技术出版社@9he nan ke xue ji shu chu ban she@4编
801  0 @aCN@bTSSF@c20150129
905    @aZUCC@dS82@eJY67
    
    家庭饲养手册/河南科学技术出版社编.-郑州:河南科学技术出版社,1981
    514页;19cm
    
    
    ISBN :CNY1.20
    
●
相关链接 在E读中查询图书 在五车中查询图书 在当当中查询图书 在豆瓣中查询图书


正题名:家庭饲养手册     索取号:S82/JY67         预约/预借

序号 登录号 条形码 馆藏地/架位号 状态 备注
1 7862059   278620592   学院路分馆/ [索取号:S82/JY67] 在馆    
2 7862060   278620609   学院路分馆/ [索取号:S82/JY67] 在馆    
唐山师范学院图书馆 欢迎您!
大连网信软件有限公司© 版权所有